000 00418pab a2200157 454500
008 180718b2015 xxu||||| |||| 00| 0 eng d
100 _aKrishnaswamy, R.
245 _aRecent trends in inter-sectoral terms of trade (Economic notes)
260 _c2015
300 _ap.82-84.
362 _a31 Jan
650 _aTrade
700 _aRajkumar, J. Dennis
773 _aEconomic and Political Weekly
909 _a107183
999 _c107178
_d107178